000 00528nam a2200229Ia 4500
003 IT-RoPAU
008 120407s9999 xx 000 0 und d
040 _aIT-RoPAU
040 _cIT-RoPAU
041 _aita
100 _aMauro Cozzoli
245 _aEtica teologale. Fede Carità Speranza.
250 _aCinisello Balsamo
260 _aEdizioni Paoline
260 _c1991
300 _a307 p.
300 _c21,5 cm
490 _aTeologia morale: studi e testi, 4
490 _v1
942 _cBK
999 _c32094
_d32094